000 00632nam a2200229 a 4500
003 Co-PeBPM
005 20250923105309.0
008 231129s1971||||xx |||||||||||||| ||spa||
040 _bspa
_aCo-PeBPM
_cCo-PeBPM
_eRDA
041 _aspa
_hfre
082 _a252.5209 M596h
100 _aMetz, René
_eAutor
245 0 _aHistoria de los concilios
250 _aPrimera
260 _c1971
264 _aEdiciones Oikos-Tau, Barcelona (España); 1971
300 _a125 páginas;
_c17.5cms
490 _aEnciclopedia de bolsillo
500 _aIncluye índice
650 1 4 _2LEMB
_aIglesia Católica
_vObispos
942 _2ddc
_cBK
_n0
999 _c15199
_d15199